Statistiques concernant Capitales d'Afrique

Cliquez ici pour prendre le quiz!

Statistiques générales

  • Ce quiz a été pris 97 fois
  • Le résultat moyen est 32 sur 53

Statistiques - réponses

HintRéponse% Correct
AlgérieAlger
97%
EgypteLe Caire
92%
Afrique du SudPrétoria
88%
MarocRabat
87%
SénégalDakar
85%
DjiboutiDjibouti
84%
TunisieTunis
83%
MaliBamako
79%
GabonLibreville
77%
Côte d'IvoireYamoussoukro
77%
KenyaNairobi
76%
CamerounYaoundé
76%
MadagascarAntananarivo
75%
Burkina FasoOuagadougou
73%
EthiopieAddis Abeba
72%
LibyeTripoli
72%
Guinée-BissauBissau
71%
GuinéeConakry
69%
République Démocratique du CongoKinshasa
69%
République du CongoBrazzaville
68%
AngolaLuanda
68%
GhanaAccra
67%
Sierra LeoneFreetown
65%
TogoLomé
65%
Sao Tomé-et-PrincipeSao Tomé
65%
NigeriaAbuja
64%
NigerNiamey
63%
ZimbabweHarare
61%
BéninPorto Novo
61%
SoudanKhartoum
60%
SomalieMogadiscio
60%
ErythréeAsmara
59%
BotswanaGaborone
57%
RwandaKigali
57%
TchadN'Djamena
57%
MauritanieNouakchott
57%
République CentrafricaineBangui
56%
ComoresMoroni
55%
MalawiLilongwe
53%
MozambiqueMaputo
53%
GambieBanjul
51%
RéunionSaint-Denis
49%
OugandaKampala
48%
ZambieLusaka
48%
LesothoMaseru
44%
LiberiaMonrovia
40%
Guinée EquatorialeMalabo
39%
BurundiBujumbura
33%
MayotteMamoudzou
24%
NamibieWindoek
19%
Soudan du SudJuba
15%
EswatiniLobamba
8%
TanzanieDar es Salem
5%

Distribution des résultats

Percentile par nombre de réponses

% des personnes avec chaque résultat

Votre développement - résultats

Vous n’avez pas pris ce quiz